Allgemeinwissen - Einfach #4 - Statistiken

Allgemein
  • Dieses Quiz wurde 81.923 mal gespielt
  • Das Durchschnittsergebnis liegt bei 15 aus 20
Antwortstatistiken
Frage Antwort % Korrekt
Wie heißt die Hauptstadt Italiens? Rom
99%
Welchen Vornamen teilen sich Bieber und Timberlake? Justin
96%
Welches ist das größte ("höchste") Landtier? Giraffe
95%
Was wird auf vielen Hochzeitsfeiern von der Braut in die Menge geworfen? Brautstrauß
94%
Welche sind die zwei kältesten Länder der Erde (Durchschnittstemperatur)? Russland
89%
Welcher Film beginnt mit dem Eröffnungstext "Es war einmal vor langer Zeit in einer weit, weit entfernten Galaxis"? Krieg der Sterne
87%
Welcher ist der zweitnäheste Planet zur Sonne? Venus
87%
Welcher Dinosaurier hatte vermutlich den kraftvollsten Biss aller Landtiere die je existierten? Tyrannosaurus Rex
85%
Wer ist Micky Maus' Freundin? Minnie Maus
83%
Das Zerbrechen welches Gegenstands bewirkt 7 Jahre Pech? Spiegel
83%
Wie nennt man ein junges Schaf? Lamm
80%
Welche sind die zwei kältesten Länder der Erde (Durchschnittstemperatur)? Kanada
77%
Welche Art von Zähnen befindet sich bei Menschen neben den Schneidezähnen? Eckzähne
68%
In welchem Land befindet sich das Hauptquartier von Samsung? Südkorea
64%
Aus welcher Sprache stammt das Wort "karōshi", welches "Tod durch Überarbeitung" bedeutet? Japanisch
61%
Was ist die längste Bergkette Südamerikas? Anden
60%
Welches Land wurde von Fidel Castro geführt? Kuba
54%
Wer spielte in "Forrest Gump", "Der Soldat James Ryan", und "Cast Away - Verschollen" Hauptrollen? Tom Hanks
54%
Was ist die spanische Version des Namens Johannes? Juan
44%
Wer war Filmstar bevor er US-Präsident wurde? Ronald Reagan
29%
Keine übereinstimmenden Quizze gefunden
Verteilung der Resultate
Anzahl Personen mit jedem Resultat
Perzentil nach korrekt beantworteten Fragen
Ihre Resultats-Entwicklung
Sie haben dieses Quiz noch nicht gespielt